<?xml version="1.0" encoding="UTF-8"?>
<collection xmlns="http://www.loc.gov/MARC21/slim">
 <record>
  <leader>06571cam a2201177   4500</leader>
  <controlfield tag="001">387838333</controlfield>
  <controlfield tag="003">DE-627</controlfield>
  <controlfield tag="005">20240925113238.0</controlfield>
  <controlfield tag="007">tu</controlfield>
  <controlfield tag="008">040527s2004    gw |||||      00| ||ger c</controlfield>
  <datafield tag="015" ind1=" " ind2=" ">
   <subfield code="a">04,N24,0207</subfield>
   <subfield code="2">dnb</subfield>
  </datafield>
  <datafield tag="016" ind1="7" ind2=" ">
   <subfield code="a">97121042X</subfield>
   <subfield code="2">DE-101</subfield>
  </datafield>
  <datafield tag="020" ind1=" " ind2=" ">
   <subfield code="a">3534175336</subfield>
   <subfield code="c">Gb. : EUR 54.00, CHF 89.70</subfield>
   <subfield code="9">3-534-17533-6</subfield>
  </datafield>
  <datafield tag="024" ind1="3" ind2=" ">
   <subfield code="a">9783534175338</subfield>
  </datafield>
  <datafield tag="035" ind1=" " ind2=" ">
   <subfield code="a">(DE-627)387838333</subfield>
  </datafield>
  <datafield tag="035" ind1=" " ind2=" ">
   <subfield code="a">(DE-576)11232407X</subfield>
  </datafield>
  <datafield tag="035" ind1=" " ind2=" ">
   <subfield code="a">(DE-599)DNB97121042X</subfield>
  </datafield>
  <datafield tag="035" ind1=" " ind2=" ">
   <subfield code="a">(OCoLC)231990141</subfield>
  </datafield>
  <datafield tag="035" ind1=" " ind2=" ">
   <subfield code="a">(OCoLC)59011770</subfield>
  </datafield>
  <datafield tag="035" ind1=" " ind2=" ">
   <subfield code="a">(OCoLC)231990141</subfield>
  </datafield>
  <datafield tag="035" ind1=" " ind2=" ">
   <subfield code="a">(AT-OBV)AC04221710</subfield>
  </datafield>
  <datafield tag="040" ind1=" " ind2=" ">
   <subfield code="a">DE-627</subfield>
   <subfield code="b">ger</subfield>
   <subfield code="c">DE-627</subfield>
   <subfield code="e">rakwb</subfield>
  </datafield>
  <datafield tag="041" ind1=" " ind2=" ">
   <subfield code="a">ger</subfield>
  </datafield>
  <datafield tag="044" ind1=" " ind2=" ">
   <subfield code="c">XA-DE</subfield>
  </datafield>
  <datafield tag="050" ind1=" " ind2="0">
   <subfield code="a">BP172</subfield>
  </datafield>
  <datafield tag="082" ind1="0" ind2=" ">
   <subfield code="a">201.50902</subfield>
  </datafield>
  <datafield tag="082" ind1="0" ind2=" ">
   <subfield code="a">200</subfield>
  </datafield>
  <datafield tag="082" ind1="0" ind2=" ">
   <subfield code="a">201/.5/0902</subfield>
  </datafield>
  <datafield tag="082" ind1="0" ind2="4">
   <subfield code="a">200</subfield>
  </datafield>
  <datafield tag="084" ind1=" " ind2=" ">
   <subfield code="a">6,23</subfield>
   <subfield code="a">0</subfield>
   <subfield code="2">ssgn</subfield>
  </datafield>
  <datafield tag="084" ind1=" " ind2=" ">
   <subfield code="a">1</subfield>
   <subfield code="2">ssgn</subfield>
  </datafield>
  <datafield tag="084" ind1=" " ind2=" ">
   <subfield code="a">BE 3720</subfield>
   <subfield code="2">rvk</subfield>
   <subfield code="0">(DE-625)rvk/10581:</subfield>
  </datafield>
  <datafield tag="084" ind1=" " ind2=" ">
   <subfield code="a">CC 8480</subfield>
   <subfield code="q">BVB</subfield>
   <subfield code="2">rvk</subfield>
   <subfield code="0">(DE-625)rvk/17707:</subfield>
  </datafield>
  <datafield tag="084" ind1=" " ind2=" ">
   <subfield code="a">CC 8500</subfield>
   <subfield code="q">BVB</subfield>
   <subfield code="2">rvk</subfield>
   <subfield code="0">(DE-625)rvk/17709:</subfield>
  </datafield>
  <datafield tag="084" ind1=" " ind2=" ">
   <subfield code="a">CE 1060</subfield>
   <subfield code="q">BVB</subfield>
   <subfield code="2">rvk</subfield>
   <subfield code="0">(DE-625)rvk/17843:</subfield>
  </datafield>
  <datafield tag="084" ind1=" " ind2=" ">
   <subfield code="a">NM 1400</subfield>
   <subfield code="q">BVB</subfield>
   <subfield code="2">rvk</subfield>
   <subfield code="0">(DE-625)rvk/126291:</subfield>
  </datafield>
  <datafield tag="084" ind1=" " ind2=" ">
   <subfield code="a">NM 1500</subfield>
   <subfield code="q">BVB</subfield>
   <subfield code="2">rvk</subfield>
   <subfield code="0">(DE-625)rvk/126292:</subfield>
  </datafield>
  <datafield tag="084" ind1=" " ind2=" ">
   <subfield code="a">11.07</subfield>
   <subfield code="2">bkl</subfield>
  </datafield>
  <datafield tag="084" ind1=" " ind2=" ">
   <subfield code="a">11.62</subfield>
   <subfield code="2">bkl</subfield>
  </datafield>
  <datafield tag="090" ind1=" " ind2=" ">
   <subfield code="a">a</subfield>
  </datafield>
  <datafield tag="245" ind1="1" ind2="0">
   <subfield code="a">Juden, Christen und Muslime</subfield>
   <subfield code="b">Religionsdialoge im Mittelalter</subfield>
   <subfield code="c">hrsg. von Matthias Lutz-Bachmann und Alexander Fidora</subfield>
  </datafield>
  <datafield tag="263" ind1=" " ind2=" ">
   <subfield code="a">EUR 54.00</subfield>
  </datafield>
  <datafield tag="264" ind1=" " ind2="1">
   <subfield code="a">Darmstadt</subfield>
   <subfield code="b">Wiss. Buchges.</subfield>
   <subfield code="c">2004</subfield>
  </datafield>
  <datafield tag="300" ind1=" " ind2=" ">
   <subfield code="a">240 S.</subfield>
   <subfield code="b">graph. Darst.</subfield>
  </datafield>
  <datafield tag="336" ind1=" " ind2=" ">
   <subfield code="a">Text</subfield>
   <subfield code="b">txt</subfield>
   <subfield code="2">rdacontent</subfield>
  </datafield>
  <datafield tag="337" ind1=" " ind2=" ">
   <subfield code="a">ohne Hilfsmittel zu benutzen</subfield>
   <subfield code="b">n</subfield>
   <subfield code="2">rdamedia</subfield>
  </datafield>
  <datafield tag="338" ind1=" " ind2=" ">
   <subfield code="a">Band</subfield>
   <subfield code="b">nc</subfield>
   <subfield code="2">rdacarrier</subfield>
  </datafield>
  <datafield tag="500" ind1=" " ind2=" ">
   <subfield code="a">Literaturangaben</subfield>
  </datafield>
  <datafield tag="583" ind1="1" ind2=" ">
   <subfield code="a">Archivierung/Langzeitarchivierung gewährleistet</subfield>
   <subfield code="f">SSG</subfield>
   <subfield code="x">XA-DE-BW</subfield>
   <subfield code="2">pdager</subfield>
   <subfield code="5">DE-21</subfield>
  </datafield>
  <datafield tag="650" ind1=" " ind2="0">
   <subfield code="a">Christianity and other religions</subfield>
   <subfield code="x">Congresses</subfield>
   <subfield code="x">Islam</subfield>
  </datafield>
  <datafield tag="650" ind1=" " ind2="0">
   <subfield code="a">Islam</subfield>
   <subfield code="x">Congresses</subfield>
   <subfield code="x">Relations</subfield>
   <subfield code="x">Christianity</subfield>
  </datafield>
  <datafield tag="650" ind1=" " ind2="0">
   <subfield code="a">Christianity and other religions</subfield>
   <subfield code="x">Congresses</subfield>
   <subfield code="x">Judaism</subfield>
  </datafield>
  <datafield tag="650" ind1=" " ind2="0">
   <subfield code="a">Judaism</subfield>
   <subfield code="x">Congresses</subfield>
   <subfield code="x">Relations</subfield>
   <subfield code="x">Christianity</subfield>
  </datafield>
  <datafield tag="650" ind1=" " ind2="0">
   <subfield code="a">Church history</subfield>
   <subfield code="x">Middle Ages, 600-1500</subfield>
  </datafield>
  <datafield tag="650" ind1=" " ind2="0">
   <subfield code="a">Islam</subfield>
   <subfield code="x">History</subfield>
   <subfield code="x">To 1500</subfield>
  </datafield>
  <datafield tag="650" ind1=" " ind2="0">
   <subfield code="a">Judaism</subfield>
   <subfield code="x">History</subfield>
   <subfield code="x">Medieval and early modern period, 425-1789</subfield>
  </datafield>
  <datafield tag="650" ind1="0" ind2="7">
   <subfield code="0">(DE-588)4114087-4</subfield>
   <subfield code="0">(DE-627)104603151</subfield>
   <subfield code="0">(DE-576)20948182X</subfield>
   <subfield code="a">Judentum</subfield>
   <subfield code="2">gnd</subfield>
  </datafield>
  <datafield tag="650" ind1="0" ind2="7">
   <subfield code="0">(DE-588)4010074-1</subfield>
   <subfield code="0">(DE-627)104493933</subfield>
   <subfield code="0">(DE-576)20888579X</subfield>
   <subfield code="a">Christentum</subfield>
   <subfield code="2">gnd</subfield>
  </datafield>
  <datafield tag="650" ind1="0" ind2="7">
   <subfield code="0">(DE-588)4027743-4</subfield>
   <subfield code="0">(DE-627)106283499</subfield>
   <subfield code="0">(DE-576)20897220X</subfield>
   <subfield code="a">Islam</subfield>
   <subfield code="2">gnd</subfield>
  </datafield>
  <datafield tag="650" ind1="0" ind2="7">
   <subfield code="0">(DE-588)4012061-2</subfield>
   <subfield code="0">(DE-627)106350102</subfield>
   <subfield code="0">(DE-576)208896708</subfield>
   <subfield code="a">Dialog</subfield>
   <subfield code="2">gnd</subfield>
  </datafield>
  <datafield tag="655" ind1=" " ind2="7">
   <subfield code="a">Aufsatzsammlung</subfield>
   <subfield code="0">(DE-588)4143413-4</subfield>
   <subfield code="0">(DE-627)105605727</subfield>
   <subfield code="0">(DE-576)209726091</subfield>
   <subfield code="2">gnd-content</subfield>
  </datafield>
  <datafield tag="689" ind1="0" ind2="0">
   <subfield code="d">s</subfield>
   <subfield code="0">(DE-588)4192352-2</subfield>
   <subfield code="0">(DE-627)105235164</subfield>
   <subfield code="0">(DE-576)210079924</subfield>
   <subfield code="a">Interreligiöser Dialog</subfield>
   <subfield code="2">gnd</subfield>
  </datafield>
  <datafield tag="689" ind1="0" ind2="1">
   <subfield code="a">z</subfield>
   <subfield code="2">gnd</subfield>
   <subfield code="a">Geschichte 1125-1453</subfield>
  </datafield>
  <datafield tag="689" ind1="0" ind2=" ">
   <subfield code="5">DE-101</subfield>
  </datafield>
  <datafield tag="689" ind1="1" ind2="0">
   <subfield code="d">s</subfield>
   <subfield code="0">(DE-588)4027743-4</subfield>
   <subfield code="0">(DE-627)106283499</subfield>
   <subfield code="0">(DE-576)20897220X</subfield>
   <subfield code="a">Islam</subfield>
   <subfield code="2">gnd</subfield>
  </datafield>
  <datafield tag="689" ind1="1" ind2="1">
   <subfield code="d">s</subfield>
   <subfield code="0">(DE-588)4010074-1</subfield>
   <subfield code="0">(DE-627)104493933</subfield>
   <subfield code="0">(DE-576)20888579X</subfield>
   <subfield code="a">Christentum</subfield>
   <subfield code="2">gnd</subfield>
  </datafield>
  <datafield tag="689" ind1="1" ind2="2">
   <subfield code="a">z</subfield>
   <subfield code="2">gnd</subfield>
   <subfield code="a">Geschichte Anfänge-1315</subfield>
  </datafield>
  <datafield tag="689" ind1="1" ind2=" ">
   <subfield code="5">DE-101</subfield>
  </datafield>
  <datafield tag="689" ind1="2" ind2="0">
   <subfield code="d">s</subfield>
   <subfield code="0">(DE-588)4114087-4</subfield>
   <subfield code="0">(DE-627)104603151</subfield>
   <subfield code="0">(DE-576)20948182X</subfield>
   <subfield code="a">Judentum</subfield>
   <subfield code="2">gnd</subfield>
  </datafield>
  <datafield tag="689" ind1="2" ind2="1">
   <subfield code="a">z</subfield>
   <subfield code="2">gnd</subfield>
   <subfield code="a">Geschichte</subfield>
  </datafield>
  <datafield tag="689" ind1="2" ind2=" ">
   <subfield code="5">(DE-627)</subfield>
  </datafield>
  <datafield tag="700" ind1="1" ind2=" ">
   <subfield code="a">Lutz-Bachmann, Matthias</subfield>
   <subfield code="d">1952-</subfield>
   <subfield code="e">Hrsg.</subfield>
   <subfield code="0">(DE-588)115585133</subfield>
   <subfield code="0">(DE-627)077344790</subfield>
   <subfield code="0">(DE-576)162062176</subfield>
   <subfield code="4">edt</subfield>
  </datafield>
  <datafield tag="700" ind1="1" ind2=" ">
   <subfield code="a">Fidora, Alexander</subfield>
   <subfield code="d">1975-</subfield>
   <subfield code="0">(DE-588)132487675</subfield>
   <subfield code="0">(DE-627)522961509</subfield>
   <subfield code="0">(DE-576)18152709X</subfield>
   <subfield code="4">oth</subfield>
  </datafield>
  <datafield tag="787" ind1="0" ind2="8">
   <subfield code="i">Rezensiert in</subfield>
   <subfield code="a">Becker, Rainald, 1971 - </subfield>
   <subfield code="t">[Rezension von: Juden, Christen und Muslime : Religionsdialoge im Mittelalter]</subfield>
   <subfield code="d">2005</subfield>
   <subfield code="w">(DE-627)1745713689</subfield>
  </datafield>
  <datafield tag="787" ind1="0" ind2="8">
   <subfield code="i">Rezensiert in</subfield>
   <subfield code="a">Abulafia, Anna Sapir</subfield>
   <subfield code="t">Juden, Christen und Muslime. Religionsdialoge im Mittelalter. Edited by Matthias Lutz-Bachmann and Alexander Fidora. Pp. 240. Darmstadt: Wissenschaftliche Buchgesellschaft, 2004. €54. 3 534 17533 6</subfield>
   <subfield code="d">2006</subfield>
   <subfield code="w">(DE-627)1784675539</subfield>
  </datafield>
  <datafield tag="787" ind1="0" ind2="8">
   <subfield code="i">Rezensiert in</subfield>
   <subfield code="a">Oberforcher, Robert, 1939 - </subfield>
   <subfield code="t">[Rezension von: Juden, Christen und Muslime : Religionsdialoge im Mittelalter]</subfield>
   <subfield code="d">2007</subfield>
   <subfield code="w">(DE-627)1818659743</subfield>
  </datafield>
  <datafield tag="787" ind1="0" ind2="8">
   <subfield code="i">Rezensiert in</subfield>
   <subfield code="a">Renz, Andreas, 1970 - </subfield>
   <subfield code="t">[Rezension von: Juden, Christen und Muslime : Religionsdialoge im Mittelalter]</subfield>
   <subfield code="d">2007</subfield>
   <subfield code="w">(DE-627)1804241490</subfield>
  </datafield>
  <datafield tag="787" ind1="0" ind2="8">
   <subfield code="i">Rezensiert in</subfield>
   <subfield code="a">Tenge-Wolf, Viola</subfield>
   <subfield code="t">[Rezension von: Juden, Christen und Muslime : Religionsdialoge im Mittelalter]</subfield>
   <subfield code="d">2006</subfield>
   <subfield code="w">(DE-627)1843027070</subfield>
  </datafield>
  <datafield tag="787" ind1="0" ind2="8">
   <subfield code="i">Rezensiert in</subfield>
   <subfield code="a">Tischler, M. M.</subfield>
   <subfield code="t">[Rezension von: Juden, Christen und Muslime : Religionsdialoge im Mittelalter]</subfield>
   <subfield code="d">2006</subfield>
   <subfield code="w">(DE-627)1805335588</subfield>
  </datafield>
  <datafield tag="856" ind1="4" ind2="2">
   <subfield code="u">https://swbplus.bsz-bw.de/bsz11232407xinh.htm</subfield>
   <subfield code="m">V:DE-576</subfield>
   <subfield code="q">text/html</subfield>
   <subfield code="3">Inhaltsverzeichnis</subfield>
  </datafield>
  <datafield tag="935" ind1=" " ind2=" ">
   <subfield code="a">mteo</subfield>
   <subfield code="a">BIIN</subfield>
  </datafield>
  <datafield tag="935" ind1=" " ind2=" ">
   <subfield code="i">sf</subfield>
  </datafield>
  <datafield tag="935" ind1=" " ind2=" ">
   <subfield code="i">Blocktest</subfield>
  </datafield>
  <datafield tag="936" ind1="r" ind2="v">
   <subfield code="a">BE 3720</subfield>
   <subfield code="b">Dialog, Begegnung der Religionen</subfield>
   <subfield code="k">Theologie und Religionswissenschaften</subfield>
   <subfield code="k">Religionswissenschaft</subfield>
   <subfield code="k">Systematische Religionswissenschaft</subfield>
   <subfield code="k">Religionskontakt</subfield>
   <subfield code="k">Dialog, Begegnung der Religionen</subfield>
   <subfield code="0">(DE-627)1272630390</subfield>
   <subfield code="0">(DE-625)rvk/10581:</subfield>
   <subfield code="0">(DE-576)202630390</subfield>
  </datafield>
  <datafield tag="936" ind1="r" ind2="v">
   <subfield code="a">CC 8480</subfield>
   <subfield code="b">Geschichte der Religionsphilosophie</subfield>
   <subfield code="k">Philosophie</subfield>
   <subfield code="k">Systematische Philosophie</subfield>
   <subfield code="k">Religionsphilosophie</subfield>
   <subfield code="k">Geschichte der Religionsphilosophie</subfield>
   <subfield code="0">(DE-627)1356182054</subfield>
   <subfield code="0">(DE-625)rvk/17707:</subfield>
   <subfield code="0">(DE-576)28618205X</subfield>
  </datafield>
  <datafield tag="936" ind1="r" ind2="v">
   <subfield code="a">CC 8500</subfield>
   <subfield code="b">Abhandlungen</subfield>
   <subfield code="k">Philosophie</subfield>
   <subfield code="k">Systematische Philosophie</subfield>
   <subfield code="k">Religionsphilosophie</subfield>
   <subfield code="k">Abhandlungen</subfield>
   <subfield code="0">(DE-627)1270639315</subfield>
   <subfield code="0">(DE-625)rvk/17709:</subfield>
   <subfield code="0">(DE-576)200639315</subfield>
  </datafield>
  <datafield tag="936" ind1="r" ind2="v">
   <subfield code="a">CE 1060</subfield>
   <subfield code="b">Abhandlungen</subfield>
   <subfield code="k">Philosophie</subfield>
   <subfield code="k">Geschichte der Philosophie</subfield>
   <subfield code="k">Geschichte der Philosophie des Abendlandes von Antike bis 20. Jahrhundert</subfield>
   <subfield code="k">Philosophie des Mittelalters</subfield>
   <subfield code="k">Abhandlungen</subfield>
   <subfield code="0">(DE-627)127064047X</subfield>
   <subfield code="0">(DE-625)rvk/17843:</subfield>
   <subfield code="0">(DE-576)20064047X</subfield>
  </datafield>
  <datafield tag="936" ind1="r" ind2="v">
   <subfield code="a">NM 1400</subfield>
   <subfield code="b">Kirchengeschichte, Geistes- und Kulturgeschichte</subfield>
   <subfield code="k">Geschichte</subfield>
   <subfield code="k">Geschichte des Mittelalters</subfield>
   <subfield code="k">Quellen und Darstellungen zum Gesamtzeitraum</subfield>
   <subfield code="k">Darstellungen</subfield>
   <subfield code="k">Kirchengeschichte, Geistes- und Kulturgeschichte</subfield>
   <subfield code="0">(DE-627)1270944614</subfield>
   <subfield code="0">(DE-625)rvk/126291:</subfield>
   <subfield code="0">(DE-576)200944614</subfield>
  </datafield>
  <datafield tag="936" ind1="r" ind2="v">
   <subfield code="a">NM 1500</subfield>
   <subfield code="b">Sonstige Spezialdarstellungen</subfield>
   <subfield code="k">Geschichte</subfield>
   <subfield code="k">Geschichte des Mittelalters</subfield>
   <subfield code="k">Quellen und Darstellungen zum Gesamtzeitraum</subfield>
   <subfield code="k">Darstellungen</subfield>
   <subfield code="k">Sonstige Spezialdarstellungen</subfield>
   <subfield code="0">(DE-627)1270706748</subfield>
   <subfield code="0">(DE-625)rvk/126292:</subfield>
   <subfield code="0">(DE-576)200706748</subfield>
  </datafield>
  <datafield tag="936" ind1="b" ind2="k">
   <subfield code="a">11.07</subfield>
   <subfield code="j">Interreligiöse Beziehungen</subfield>
   <subfield code="0">(DE-627)106403710</subfield>
  </datafield>
  <datafield tag="936" ind1="b" ind2="k">
   <subfield code="a">11.62</subfield>
   <subfield code="j">Christliche Ethik</subfield>
   <subfield code="x">Religionswissenschaft</subfield>
   <subfield code="0">(DE-627)10640380X</subfield>
  </datafield>
  <datafield tag="951" ind1=" " ind2=" ">
   <subfield code="a">BO</subfield>
  </datafield>
  <datafield tag="990" ind1=" " ind2=" ">
   <subfield code="a">Interreligiöser Dialog</subfield>
  </datafield>
  <datafield tag="990" ind1=" " ind2=" ">
   <subfield code="a">Geschichte 1125-1453</subfield>
  </datafield>
  <datafield tag="990" ind1=" " ind2=" ">
   <subfield code="a">Islam</subfield>
  </datafield>
  <datafield tag="990" ind1=" " ind2=" ">
   <subfield code="a">Christentum</subfield>
  </datafield>
  <datafield tag="990" ind1=" " ind2=" ">
   <subfield code="a">Geschichte Anfänge-1315</subfield>
  </datafield>
  <datafield tag="990" ind1=" " ind2=" ">
   <subfield code="a">Judentum</subfield>
  </datafield>
  <datafield tag="990" ind1=" " ind2=" ">
   <subfield code="a">Geschichte</subfield>
  </datafield>
  <datafield tag="991" ind1=" " ind2=" ">
   <subfield code="a">Rezensiertes Werk</subfield>
  </datafield>
  <datafield tag="999" ind1=" " ind2=" ">
   <subfield code="a">KXP-PPN387838333</subfield>
   <subfield code="e">4020837716</subfield>
  </datafield>
 </record>
</collection>
